Phan Kế Bính Tác giả - Tác phẩm

Salvato in:
Dettagli Bibliografici
Autore principale: Bùi, Văn Vượng
Natura: Libro
Lingua:Undetermined
Pubblicazione: Hà Nội Thanh niên 2004
Soggetti:
Tags: Aggiungi Tag
Nessun Tag, puoi essere il primo ad aggiungerne! !
Thư viện lưu trữ: Trung tâm Học liệu Trường Đại học Cần Thơ
LEADER 00629nam a2200205Ia 4500
001 CTU_94572
008 210402s9999 xx 000 0 und d
020 |c 136000 
082 |a 895.92209 
082 |b V561 
100 |a Bùi, Văn Vượng 
245 0 |a Phan Kế Bính Tác giả - Tác phẩm 
245 0 |c Bùi Văn Vượng chủ biên ; Lê Thành Bình biên soạn 
260 |a Hà Nội 
260 |b Thanh niên 
260 |c 2004 
650 |a Vietnamese literature 
650 |x History and criticism 
904 |i Tuyến 
980 |a Trung tâm Học liệu Trường Đại học Cần Thơ